| 000 | 03125cam a22005294i 4500 | ||
|---|---|---|---|
| 003 | PE-LiUPU | ||
| 005 | 20250731165519.0 | ||
| 008 | 150623s r 000 0 d | ||
| 020 | _a1841272094 | ||
| 035 | _a(Sirsi) i9781841272092 | ||
| 040 |
_aPE-LiUPU _bspa _cPE-LiUPU _erda |
||
| 049 | _aPRUA | ||
| 082 | 0 | 4 |
_a221.07 _bJ _221 |
| 100 | 1 |
_aHiebert, Robert James Victor, _eautor. |
|
| 245 | 1 | 4 |
_aThe old greek psalter : _bstudies in honour of Albert Pietersma. _n332 / _cRobert James Víctor Hiebert. |
| 264 | 1 |
_aSheffield, England : _bSheffield Academic Press, _c2001. |
|
| 300 |
_a346 páginas : _bilustraciones tablas, foto ; _c24 centímetros |
||
| 336 |
_atext _2rdacontent |
||
| 337 |
_aunmediated _2rdamedia |
||
| 338 |
_avolume _2rdacarrier |
||
| 490 | 0 |
_aJournal for the study of the O.T. Supplement series ; _v332 |
|
| 504 | _aIncluye Bibliografía. | ||
| 505 | 0 | _aWho is Albert Pietersma?. The rendering of the tetragram in the psalter and pentateuch: a comparative study. Pairs of synonyms in the septuagint Psalms. Repetition of possessive pronouns in the greek psalter: the use and non-use of possessive pronouns in renderings of Hebrew coordinate items with possessive suffixes. Characterizing criteria for the characterization of the septuagint translators: experimenting on the greek psalter. The greek psalter and the kaíye tradition: methodological questions. The assessment of manuscript affiliation within a probabilistic framework: a study of Alfred Rahlfs's core manuscript groupings for the greek psalter. Scribal features of early witnesses of greek scripture. The pisqah be'emsa'pasuq, the Psalms, and Ezekiel 3.16. Coptic/Sahidic fragments of the biblical Psalms in the university of Pennsylvania museum. Syriac biblical textual history and the greek psalter. David the adolescent: on Psalm 151. Intertextual relationships between the septuagint of Psalms and Proverbs. The septuagint of Psalms and the first book of Maccabees. Towards a date for the old greek psalter. The greek psalter in Paul's letters: a textual study. Schaper's eschatology meets kraus's theology of the Psalms. | |
| 526 | _aSEG44 | ||
| 526 | _aSEG26 | ||
| 526 | _aP151 | ||
| 526 | _aP150 | ||
| 526 | _aP149 | ||
| 526 | _aP146 | ||
| 526 | _aP145 | ||
| 526 | _aP126 | ||
| 526 | _aP125 | ||
| 526 | _aP92 | ||
| 526 | _aP75 | ||
| 526 | _aP74 | ||
| 526 | _aP27 | ||
| 526 | _aP15 | ||
| 630 |
_aBiblia. _pA.T. _pSalmos _xCrítica textual. |
||
| 700 | 1 | _aCox, Claude E. | |
| 700 | 1 |
_aGentry, Peter J, _eed. |
|
| 942 |
_2ddc _cBOOK |
||
| 949 |
_aRC 221.07 J 332 _wDEWEY _c1 _i51019 _lCCODEBUL1 _mBUL _p15.00 _r0 _sY _tBOOK _u2015-6-24 _xTEOLOGIA _PP35 _0COMPRA _o.CIRCNOTE. No olvidar cambiar la fecha de devolución!!!!!!! _o.STAFF. Colección General |
||
| 994 |
_aC0 _bPEPRU |
||
| 596 | _a1 | ||
| 999 |
_aRC 221.07 J 332 _wDEWEY _c32706 _i51019 _f2021-11-8 _g6 _lCCODEBUL1 _mBUL _p15.00 _r1 _sY _tBOOK _u2015-6-24 _xTEOLOGIA _PP35 _0COMPRA _o.CIRCNOTE. No olvidar cambiar la fecha de devolución!!!!!!! _o.STAFF. Colección General _d32706 |
||
| 980 |
_81 _gALBERTO SANCHEZ Responsable de Automatización |
||